| 000 | 00560nam a22001937a 4500 | ||
|---|---|---|---|
| 008 | 151117b xxu||||| |||| 00| 0 eng d | ||
| 020 | _a013487885X | ||
| 041 | 0 | _aeng | |
| 080 | _a658.15 | ||
| 100 | 1 | _aHorngren, Charles T., | |
| 245 | 1 | 0 |
_aIntroduction to management accounting / _cCharles T. Horngren, Gary L. Sundem. |
| 250 | _a7th ed. | ||
| 260 |
_aEnglewood Cliffs, N.J. : _bPrentice-Hall, _cc1987. |
||
| 300 |
_axxi, 762 f. : _bme ill. ; _c25 cm. |
||
| 650 | 0 | _aKontabilitet | |
| 650 | 0 | _a|Menaxherial | |
| 700 | 1 | _aSundem, Gary L. | |
| 942 |
_2udc _cBK |
||
| 999 |
_c1364 _d1364 |
||